Riziko - kritika klasické analýzy, nové přístupy a souvislosti s tvorbou bankového produktu

Kritika klasickej analýzy rizika. Aktuálne a potenciálne fungovanie firmy. Fungovanie firmy a bankové produkty.

Enregistré dans:
Détails bibliographiques
Auteur principal: Krištof, Marek
Format: Chapitre de livre
Langue:tchèque
Sujets:
Tags: Ajouter un tag
Pas de tags, Soyez le premier à ajouter un tag!

MARC

LEADER 00000naa a2200000 4500
001 r016921
005 20221205090252.9
041 0 |a cze 
044 |a CZ 
245 1 0 |a Riziko - kritika klasické analýzy, nové přístupy a souvislosti s tvorbou bankového produktu  |c Marek Krištof 
520 |a Kritika klasickej analýzy rizika. Aktuálne a potenciálne fungovanie firmy. Fungovanie firmy a bankové produkty. 
610 2 0 |a riziko 
610 2 0 |a firmy 
610 2 0 |a podnik 
610 2 0 |a analýzy 
610 2 0 |a politika finančná 
610 2 0 |a banky 
610 2 0 |a služby 
100 1 |a Krištof, Marek